| 000 | 00345 a2200145 4500 | ||
|---|---|---|---|
| 001 | 154725 | ||
| 040 | _cEscola São Tomás de Aquino | ||
| 100 | _aJAF, Ivan | ||
| 240 | 1 | 0 |
_aA corte portuguesa no Rio de Janeiro _lpor |
| 245 | 1 | 0 | _aA corte portuguesa no Rio de Janeiro |
| 300 | _a63 | ||
| 440 | 1 | _aÁtica | |
| 697 | _aHISTÓRIA | ||
| 942 | _cBK | ||
| 999 |
_c154725 _d154725 |
||